000 00406nam a2200181Ia 4500
001 14000
005 20260306164842.0
008 260306t2010||||xx |||||||||||||| ||spa||
041 _aESP
082 _a005.7592
_bD269
100 _aDoyle, Matt
_eAUT
245 0 _aPHP práctico
260 _c2010
300 _a848 páginas :
_c22 cm.
650 _aGEN
654 _aCCC
942 _cLIB
_dJUS
_fJUS
_2ddc
_n
999 _c14000
_d14000